|
|
|
|
| LEADER |
00000naa2a2200000 4500 |
| 001 |
382020 |
| 005 |
20231101062912.0 |
| 035 |
|
|
|a (RuTPU)RU\TPU\prd\5267
|
| 090 |
|
|
|a 382020
|
| 100 |
|
|
|a 20020701a2002 k y0rusy50 ca
|
| 101 |
0 |
|
|a rus
|
| 102 |
|
|
|a RU
|
| 200 |
1 |
|
|a Коментарии к постановлению Правительства Москвы
|f В. И. Ливчак
|
| 225 |
1 |
|
|a Опыт Москвы в энергосбережении
|
| 461 |
|
1 |
|0 (RuTPU)RU\TPU\prd\913
|x 1609-7505
|t Энергосбережение
|o специализированный журнал
|f Ассоциация инженеров по отоплению, вентиляции, кондиционированию воздуха, теплоснабжению и строительной теплофизике (АВОК), ООО ИИП "АВОК-ПРЕСС"
|d 2000-
|
| 463 |
|
1 |
|0 (RuTPU)RU\TPU\prd\2717
|t № 1
|v С. 9-10
|d 2002
|
| 610 |
1 |
|
|a жилищно-коммунальная система
|
| 610 |
1 |
|
|a коммунальные услуги
|
| 610 |
1 |
|
|a оплата услуг
|
| 700 |
|
1 |
|a Ливчак
|b В. И.
|
| 801 |
|
1 |
|a RU
|b 63413507
|c 20020701
|g PSBO
|
| 801 |
|
2 |
|a RU
|b 63413507
|c 20120417
|g PSBO
|
| 942 |
|
|
|c BK
|